000 00910cam a2200205 4500
001 WB3826-09
008 020716n2002 000 0 eng u
035 _a(Sirsi) u118860
245 _aElectric shock
260 _c2002
490 _aProperty Week
_v67 (27) 1,3 (2)
520 _aThe British Property Federation (BPF) is investigating the charging practices of electricity suppliers following complaints from developers that costs of supplying power to schemes across the UK and London in particular are spiralling. Developers are angry at having to foot installation bills which ultimately benefit an entire area. Complaints have been filed by regulator Ofgem and then passed to consumer watchdog Energywatch.
590 _aWB
650 _aBPF
650 _aPOWER SUPPLIES
650 _aNEW DEVELOPMENTS
650 _aLONDON
690 _aENVIRONMENTAL AND LAND CONSULTANCY-ENERGY
942 _n0
999 _c70743
_d70743